| 000 | 00830nam a2200289 i 4500 | ||
|---|---|---|---|
| 001 | bg | ||
| 100 | 1 |
_aKafka, Franz _d(1883-1924). |
|
| 245 | 1 | 0 |
_aProces _cFranz Kafka ; przekł. Bruno Schulz. |
| 246 | 1 |
_iTyt. oryg.: _aProzess |
|
| 260 |
_aKraków : _b"Mediasat Poland", _c[2004]. |
||
| 300 |
_a184, [3] s. ; _c22 cm. |
||
| 490 | 1 |
_aKolekcja Gazety Wyborczej : XX wiek ; _v23 |
|
| 500 | _aTyt. oryg.: "Der Prozess" | ||
| 650 | 9 |
_aPowieść austriacka _y20 w. |
|
| 700 | 1 |
_aSchulz, Bruno _d(1892-1942). _eTł. |
|
| 830 | 0 |
_aKolekcja Gazety Wyborczej ; _v23 |
|
| 020 | _a8389651726 | ||
| 020 | _a849789720X | ||
| 040 | _cBPK | ||
| 041 | 1 |
_apol _hger |
|
| 044 | _aPOL | ||
| 080 | _a821.112.2(436)-3 | ||
| 920 | _a83-89651-72-6 | ||
| 920 | _a84-9789-720-X | ||
| 942 | _cKS | ||
| 008 | s pl f |000 0 pol | ||
| 999 |
_c55660 _d55660 |
||
| 856 |
_uhttp://koha.tu.koszalin.pl/cgi-bin/koha/opac-detail.pl?biblionumber=55660 _yKatalog online BPK |
||